000 00306 a2200109 4500
001 ART_12907
005 20260410161909.0
008 260409a
245 1 0 _aConocimiento y valor
100 1 _aMeléndez, Horacio
773 0 _tCostos y gestión
_g- Año 13, Nº 53 (sep. 2004)
_wREV12786
999 _c26668
_d26668